000 00840nam a2200217Ia 4500
999 _c37670
_d37670
003 OSt
005 20210412105506.0
008 160316s2005 xxu||||| |||| 00| 0 eng d
020 _a9780823224371
040 _cn
082 _a831.914000
_bDER
100 _aDerrida Jacques
245 _aSovereignties in question : The poetics of Paul Celan
260 _aNew York
_bFordham University Press
_c2005
300 _a209p
_cix
365 _b Gratis
505 _aTable of contents Shibboleth: For Paul Celan; A Self-Unsealing Poetic Text": Poetics and Politics of Witnessing; Language Does Not Belong: An Interview; The Majesty of the Present: Reading Celan's "The Meridian"; Rams: Uninterrupted Dialogue - between Two Infinities, the Poem
650 _a1. Poetics - Politics Of Witnessing
700 _a
_a
942 _2ddc
_cBK